Guerra y Conflictos Sociales : (Record no. 361)

000 -CABECERA
fixed length control field 00884nam a22002177a 4500
003 - IDENTIFICADOR DEL NÚMERO DE CONTROL
control field AR-CdUCM
008 - DATOS DE LONGITUD FIJA--INFORMACIÓN GENERAL
fixed length control field 190223b ||||| |||| 00| 0 spa d
040 ## - FUENTE DE LA CATALOGACIÓN
Agencia/entidad que catalogó originalmente la obra MUNICIPALIDAD PROVINCIAL DEL CUSCO
Entidad que transcribió la catalogación BIBLIOTECA MUNICIPAL DEL CUSCO
082 ## - NÚMERO DE LA CLASIFICACIÓN DECIMAL DEWEY
No. de la edición 1ra ed.
No. de Clasificación 984.8 /
Notacion interna A78
100 ## - ENTRADA PRINCIPAL--NOMBRE DE PERSONA
Nombre Personal Arze Aguirre,Danilo René
245 ## - MENCIÓN DE TÍTULO
Título Guerra y Conflictos Sociales :
Resto del título El caso rural boliviano durante la campaña del chaco /
Mención de responsabilidad Arze Aguirre,Danilo René
260 ## - PUBLICACIÓN, DISTRIBUCIÓN, ETC.
Lugar de publicación, distribución, etc. La Paz, Bolivia :
Nombre de la editorial, distribuidor, etc. Centro de Estudios de la Realidad Economica y Social ,
Fecha de publicación, distribución, etc. 1987.
300 ## - DESCRIPCIÓN FÍSICA
Nº de Páginas Extensión 303 paginas :
Dimensiones 20.5 cm.
505 ## - NOTA DE CONTENIDO CON FORMATO
Nota de contenido formateada La campaña del Chaco -- Bolivia Rural -- Conflictos Sociales Internos...
650 ## - PUNTO DE ACCESO ADICIONAL DE MATERIA--TÉRMINO DE MATERIA
Descriptor Conflictos Sociales.
9 (RLIN) 343
650 ## - PUNTO DE ACCESO ADICIONAL DE MATERIA--TÉRMINO DE MATERIA
Descriptor Bolivia Rural.
9 (RLIN) 1469
650 ## - PUNTO DE ACCESO ADICIONAL DE MATERIA--TÉRMINO DE MATERIA
Descriptor La campaña del Chaco.
9 (RLIN) 1470
700 ## - PUNTO DE ACCESO ADICIONAL--NOMBRE DE PERSONA
Nombre Personal Arze Aguirre Danilo René
9 (RLIN) 1471
942 ## - ELEMENTOS DE PUNTO DE ACCESO ADICIONAL (KOHA)
Fuente de clasificación
Tipo de item Libros-BMC
945 ## - PROCESAMIENTO DE INFORMACIÓN LOCAL (OCLC)
Catalogador rtm
AAAA-MM-DD - Fecha de ingreso o modificacion 2019-02-23
Holdings
Estado de retiro (separado) Fuente de clasificación o esquema de estanterías Estado dañado Ubicación Sala donde se ubica Nombre de la colección Fecha de adquisición o compra Costo, precio normal en soles Signatura topográfica Código de Barras Última vez visto (Koha) Tipo de ítem (Koha)
No     Sala Humanidades Sala Humanidades Book Cart 2019-02-23 200.00 984.8 / A78 SH0000000054 2019-02-23 Libros-BMC

Powered by Koha